Unraveling the garment industry transnational organizing and women's work /

Bibliographic Details
Main Author: Brooks, Ethel Carolyn.
Corporate Author: ProQuest (Firm)
Format: Electronic eBook
Language:English
Published: Minneapolis : University of Minnesota Press, c2007.
Series:Social movements, protest, and contention series ; v. 27
Subjects:
Online Access:Click to View
LEADER 01709nam a2200445 a 4500
001 EBC328372
003 MiAaPQ
005 20200520144314.0
006 m o d |
007 cr cn|||||||||
008 060922s2007 mnu sb 001 0 eng d
010 |z  2006030911 
020 |z 9780816644858 (hc : alk. paper) 
020 |z 9780816644865 (pb : alk. paper) 
020 |z 9780816654116 
035 |a (MiAaPQ)EBC328372 
035 |a (Au-PeEL)EBL328372 
035 |a (CaPaEBR)ebr10212623 
035 |a (CaONFJC)MIL525840 
035 |a (OCoLC)191734895 
040 |a MiAaPQ  |c MiAaPQ  |d MiAaPQ 
043 |a d------ 
050 4 |a HD2337  |b .B76 2007 
082 0 4 |a 331.4/25  |2 22 
100 1 |a Brooks, Ethel Carolyn. 
245 1 0 |a Unraveling the garment industry  |h [electronic resource] :  |b transnational organizing and women's work /  |c Ethel C. Brooks. 
260 |a Minneapolis :  |b University of Minnesota Press,  |c c2007. 
300 |a xxxiii, 243 p. 
490 0 |a Social movements, protest, and contention series ;  |v v. 27 
504 |a Includes bibliographical references and index. 
533 |a Electronic reproduction. Ann Arbor, MI : ProQuest, 2015. Available via World Wide Web. Access may be limited to ProQuest affiliated libraries. 
650 0 |a Anti-sweatshop movement. 
650 0 |a Protest movements  |x International cooperation. 
650 0 |a Women  |z Developing countries  |x Social conditions. 
650 0 |a Women  |z Developing countries  |x Economic conditions. 
650 0 |a Working class women. 
650 0 |a Social conflict. 
655 4 |a Electronic books. 
710 2 |a ProQuest (Firm) 
856 4 0 |u https://ebookcentral.proquest.com/lib/matrademy/detail.action?docID=328372  |z Click to View